Normal view
MARC view
Entry Topical Term
001 - CONTROL NUMBER
- control field: 8923
003 - CONTROL NUMBER IDENTIFIER
- control field: ARRUPE
005 - DATE AND TIME OF LATEST TRANSACTION
- control field: 20140225164824.0
008 - FIXED-LENGTH DATA ELEMENTS
- fixed length control field: 140225|| aca||aabn | a|a d
040 ## - CATALOGING SOURCE
- Original cataloging agency: ARRUPE
- Transcribing agency: ARRUPE
150 ## - HEADING--TOPICAL TERM
- Topical term or geographic name as entry element: Theology, Doctrinal
- Form subdivision: Popular works.
670 ## - SOURCE DATA FOUND
- Source citation: Work cat.: (ARRUPE)0: Borg, Marcus J. 8922, The heart of Christianity :, c2003.